[Event "4NCL/Div3/HAL vs. GUEM"]
[Site "Daventry ENG"]
[Date "2010.03.28"]
[Round "7.2"]
[White "Hope, Gary"]
[Black "Kirby, Peter J"]
[Result "1/2-1/2"]
[WhiteElo "1938"]
[BlackElo "2065"]
[PlyCount "44"]
[EventDate "2010.03.27"]
[SourceDate "2009.10.24"]

1. e4 c5 2. Nf3 Nc6 3. Bb5 g6 4. O-O Bg7 5. Re1 d6 6. d4 cxd4 7. Nxd4 Bd7 8.
Be3 Nf6 9. Nc3 O-O 10. h3 Na5 11. Bf1 Rc8 12. Qd2 Nc4 13. Bxc4 Rxc4 14. Rad1 a6
15. b3 Rc8 16. Bg5 Bc6 17. e5 dxe5 18. Nxc6 bxc6 19. Qe2 Qa5 20. Na4 Rfe8 21.
Bd2 Qb5 22. c4 Qb8 1/2-1/2

[Event "4NCL/Div3/HAL vs. GUEM"]
[Site "Daventry ENG"]
[Date "2010.03.27"]
[Round "7.3"]
[White "Brookfield, Toby N"]
[Black "Doran, Michael J"]
[Result "0-1"]
[WhiteElo "1796"]
[BlackElo "1884"]
[PlyCount "64"]
[EventDate "2010.03.27"]
[SourceDate "2009.10.24"]

1. e4 e6 2. d4 d5 3. Nc3 Bb4 4. e5 c5 5. a3 Ba5 6. b4 cxb4 7. Nb5 b3+ 8. Bd2
bxc2 9. Qxc2 Nc6 10. Nd6+ Kf8 11. Nf3 f6 12. Qb2 fxe5 13. dxe5 Nh6 14. Bd3
Bxd2+ 15. Nxd2 Qg5 16. f4 Qxg2 17. O-O-O Qf2 18. Rdf1 Qd4 19. Qb1 Bd7 20. Qxb7
Ke7 21. Rhg1 g6 22. f5 Nxe5 23. fxe6 Kxd6 24. exd7 Nxd3+ 25. Kd1 Rab8 26. Qa6+
Rb6 27. Qc8 Nb2+ 28. Ke2 Qd3+ 29. Kf2 Qxd2+ 30. Kg3 Rb3+ 31. Kh4 g5+ 32. Rxg5
Qxh2# 0-1

[Event "4NCL/Div3/HAL vs. GUEM"]
[Site "Daventry ENG"]
[Date "2010.03.28"]
[Round "7.4"]
[White "Jamieson, Ian M"]
[Black "Lee, Darren"]
[Result "1-0"]
[WhiteElo "2016"]
[BlackElo "1890"]
[PlyCount "61"]
[EventDate "2010.03.27"]
[SourceDate "2009.10.24"]

1. f4 d5 2. b3 c5 3. Nf3 Nc6 4. e3 Nf6 5. Bb2 e6 6. Bb5 Bd6 7. O-O O-O 8. Bxc6
bxc6 9. Ne5 Bxe5 10. fxe5 Nd7 11. Qh5 f5 12. exf6 Nxf6 13. Qg5 Rf7 14. Nc3 Qe7
15. Ba3 Nd7 16. Qxe7 Rxe7 17. Na4 Rf7 18. Nxc5 Nxc5 19. Bxc5 Rxf1+ 20. Rxf1 Bd7
21. Rf4 a5 22. Ra4 e5 23. b4 Bc8 24. bxa5 Ba6 25. d3 Rb8 26. Bb6 Rf8 27. h3 Bb5
28. Rb4 Ra8 29. a4 Ba6 30. Bc7 c5 31. Rb5 1-0

[Event "4NCL/Div3/HAL vs. GUEM"]
[Site "Daventry ENG"]
[Date "2010.03.27"]
[Round "7.5"]
[White "Asbury, Jon A"]
[Black "O'Connor, Jonathan T"]
[Result "0-1"]
[WhiteElo "1786"]
[BlackElo "1675"]
[PlyCount "133"]
[EventDate "2010.03.27"]
[SourceDate "2009.10.24"]

1. d4 c5 2. d5 d6 3. c4 Nf6 4. Nc3 g6 5. e4 Bg7 6. Bd3 e6 7. Nge2 exd5 8. exd5
O-O 9. O-O Nbd7 10. Bf4 Ne5 11. Bxe5 dxe5 12. Ng3 Re8 13. Nge4 b6 14. Nxf6+
Qxf6 15. Ne4 Qh4 16. Qa4 Rd8 17. f3 f5 18. Nf2 Qd4 19. Qc2 Bb7 20. Rad1 Qh4 21.
Kh1 Rd6 22. g3 Qh5 23. g4 fxg4 24. fxg4 Qh4 25. Ne4 Rdd8 26. Qg2 Rac8 27. Rf3
Rf8 28. Rh3 Qe7 29. Rf1 Rf4 30. Rhf3 Rcf8 31. Qg3 b5 32. b3 b4 33. d6 Qf7 34.
Rxf4 exf4 35. Qf3 Bd4 36. h3 Be3 37. Rd1 Ba8 38. Kh2 Rd8 39. Bc2 Qe6 40. Bb1
Rxd6 41. Rxd6 Qxd6 42. Nxd6 Bxf3 43. Be4 Bxe4 44. Nxe4 h6 45. Kg2 Kf7 46. Kf3
Ke6 47. g5 hxg5 48. Nxg5+ Ke5 49. h4 Kf5 50. Ne4 Bd4 51. Nd6+ Ke5 52. Nf7+ Kf6
53. Ng5 Kf5 54. Ne4 a6 55. Nd6+ Ke6 56. Ne4 Ke5 57. Ng5 Be3 58. Nh3 Bc1 59. Ng5
a5 60. Nh3 Kd4 61. Nxf4 Kc3 62. Ne2+ Kd2 63. Nxc1 Kxc1 64. Kf4 Kb2 65. Kg5 Kxa2
66. Kxg6 a4 67. h5 0-1

[Event "4NCL/Div3/HAL vs. GUEM"]
[Site "Daventry ENG"]
[Date "2010.03.28"]
[Round "7.6"]
[White "Pitt, Chris W"]
[Black "Carpenter, Paul"]
[Result "0-1"]
[WhiteElo "1698"]
[BlackElo "1826"]
[PlyCount "90"]
[EventDate "2010.03.27"]
[SourceDate "2009.10.24"]

1. e4 c6 2. d4 d5 3. exd5 cxd5 4. c4 Nf6 5. Nc3 e6 6. Nf3 Bb4 7. Qa4+ Nc6 8. a3
Bxc3+ 9. bxc3 Ne4 10. Qc2 Qa5 11. Bb2 Bd7 12. Bd3 f5 13. O-O Rc8 14. Nd2 Nxd2
15. Qxd2 O-O 16. Qe2 Rf6 17. c5 Qc7 18. Bc1 h6 19. h4 f4 20. h5 Rcf8 21. Qf3
Ne7 22. Re1 Kh8 23. Re5 b6 24. Bd2 bxc5 25. Rc1 c4 26. Bc2 Nc6 27. Ree1 Qa5 28.
Red1 Qxa3 29. Ra1 Qe7 30. Bc1 a5 31. Ba3 Qd8 32. Bxf8 Rxf8 33. Re1 Qb6 34. Rab1
Qc7 35. Qg4 Rf6 36. Ba4 e5 37. Qd1 e4 38. Rb2 f3 39. Re3 Bg4 40. g3 Qf7 41. Kf1
Qxh5 42. Ke1 Qh2 43. Rb5 Qg1+ 44. Kd2 Qxf2+ 45. Kc1 Qxe3+ 0-1

[Event "4NCL/Div3/SSC vs. 3CS"]
[Site "Daventry ENG"]
[Date "2010.03.28"]
[Round "8.1"]
[White "Graham, David B"]
[Black "Ashton, Adam G"]
[Result "1/2-1/2"]
[WhiteElo "2207"]
[BlackElo "2316"]
[PlyCount "98"]
[EventDate "2010.03.28"]
[SourceDate "2009.10.24"]

1. e4 e5 2. Nf3 Nc6 3. d4 exd4 4. Bc4 Nf6 5. O-O Nxe4 6. Re1 d5 7. Bxd5 Qxd5 8.
Nc3 Qh5 9. Nxe4 Be6 10. Bg5 h6 11. Bf6 Qg6 12. Nh4 Qg4 13. Qxg4 Bxg4 14. Nd6+
Kd7 15. Nxf7 Rg8 16. Bxd4 g5 17. Nf3 Bxf3 18. gxf3 Nxd4 19. Rad1 c5 20. c3 Re8
21. Ne5+ Kc7 22. cxd4 Bd6 23. Re4 Bxe5 24. dxe5 Re6 25. Kg2 Rge8 26. Rde1 Kc6
27. Kg3 b5 28. f4 gxf4+ 29. Kxf4 c4 30. Kf5 Kd7 31. Rd4+ Ke7 32. f4 Rc6 33. Rd6
Rf8+ 34. Rf6 b4 35. Rxf8 Kxf8 36. Ke4 c3 37. bxc3 Rc4+ 38. Kd5 Rxf4 39. cxb4
Rxb4 40. Re2 Ke7 41. Rg2 Rb5+ 42. Ke4 Ra5 43. Kf5 Ra3 44. Rg7+ Kf8 45. Rh7 Rxa2
46. Rxh6 Kg7 47. Rd6 Rxh2 48. Rd7+ Kf8 49. Rxa7 Rh6 1/2-1/2

[Event "4NCL/Div3/SSC vs. 3CS"]
[Site "Daventry ENG"]
[Date "2010.03.28"]
[Round "8.2"]
[White "Longson, Alexander"]
[Black "Salimbeni, George PW"]
[Result "0-1"]
[WhiteElo "2249"]
[BlackElo "2170"]
[PlyCount "94"]
[EventDate "2010.03.28"]
[SourceDate "2009.10.24"]

1. e4 e5 2. Nf3 Nc6 3. Bb5 a6 4. Ba4 Nf6 5. O-O Be7 6. Re1 b5 7. Bb3 d6 8. c3
O-O 9. h3 Bb7 10. d4 Re8 11. Nbd2 Bf8 12. Bc2 h6 13. a4 exd4 14. cxd4 Nb4 15.
Bb1 c5 16. d5 Nd7 17. Ra3 c4 18. axb5 axb5 19. Nd4 Qb6 20. N2f3 Nc5 21. Ree3
Rxa3 22. bxa3 Nbd3 23. Bxd3 Nxd3 24. Bd2 Ra8 25. Nc2 f5 26. exf5 Bxd5 27. Bc3
Bf7 28. Nfd4 Re8 29. Ne6 Bxe6 30. fxe6 Nf4 31. Qg4 Nd5 32. Qh5 Qc6 33. Nd4 Qa8
34. Qf7+ Kh7 35. e7 Nxe3 36. fxe3 Rxe7 37. Qf5+ Kg8 38. Qxb5 Qe4 39. Bd2 d5 40.
a4 Re5 41. Nf3 Rf5 42. a5 c3 43. Bc1 Qc2 44. Qf1 Bd6 45. Qe1 Rxf3 46. gxf3 Qh2+
47. Kf1 Bg3 0-1

[Event "4NCL/Div3/SSC vs. 3CS"]
[Site "Daventry ENG"]
[Date "2010.03.28"]
[Round "8.3"]
[White "Grant, David J"]
[Black "Bentley, John L"]
[Result "1/2-1/2"]
[WhiteElo "2066"]
[BlackElo "2237"]
[PlyCount "77"]
[EventDate "2010.03.28"]
[SourceDate "2009.10.24"]

1. e4 c5 2. Nf3 Nc6 3. d4 cxd4 4. Nxd4 g6 5. c4 Bg7 6. Nc2 Nf6 7. Nc3 b6 8. Be2
Bb7 9. O-O Rc8 10. Bg5 d6 11. f3 O-O 12. Qd2 a6 13. Rad1 Na5 14. Ne3 Nd7 15. b4
Nc6 16. Ned5 Re8 17. f4 Nd4 18. Bg4 Rxc4 19. Bxd7 Bxd5 20. Bxe8 Rxc3 21. exd5
Qxe8 22. Rde1 Rc7 23. Rc1 Rxc1 24. Rxc1 Nf5 25. g4 Bd4+ 26. Kh1 Be3 27. Qc3
Bxc1 28. gxf5 Qb5 29. Qxc1 Qxd5+ 30. Kg1 Qd4+ 31. Kg2 f6 32. Qc8+ Kg7 33. Qe6
Qd2+ 34. Kg3 Qd3+ 35. Kf2 Qd2+ 36. Kg3 Qc3+ 37. Kf2 Qd2+ 38. Kg3 Qd3+ 39. Kf2
1/2-1/2

[Event "4NCL/Div3/SSC vs. 3CS"]
[Site "Daventry ENG"]
[Date "2010.03.28"]
[Round "8.4"]
[White "Lewis, Andrew"]
[Black "Norton, David"]
[Result "0-1"]
[WhiteElo "2050"]
[BlackElo "2106"]
[PlyCount "68"]
[EventDate "2010.03.28"]
[SourceDate "2009.10.24"]

1. e4 d5 2. exd5 Nf6 3. Bb5+ Bd7 4. Be2 Bf5 5. Nf3 Nxd5 6. d4 e6 7. O-O Be7 8.
c4 Nb6 9. Nc3 O-O 10. Be3 Nc6 11. Qd2 Bf6 12. Rfd1 Qe7 13. Rac1 Rfd8 14. h3 h6
15. c5 Nd5 16. Nxd5 Rxd5 17. b4 Rad8 18. Bc4 R5d7 19. Qc3 Be4 20. Be2 Bxf3 21.
Bxf3 Nxd4 22. Bxd4 Bxd4 23. Qc2 c6 24. a4 Qg5 25. Qe4 e5 26. h4 Qe7 27. g3 g6
28. h5 f5 29. Qe2 Qg5 30. Kf1 e4 31. Bg2 gxh5 32. Bh3 Kg7 33. Qd2 Kg6 34. b5
Be3 0-1

[Event "4NCL/Div3/SSC vs. 3CS"]
[Site "Daventry ENG"]
[Date "2010.03.28"]
[Round "8.5"]
[White "Payne, Matthew J"]
[Black "Burke, Mitchell R"]
[Result "1/2-1/2"]
[WhiteElo "1871"]
[BlackElo "1892"]
[PlyCount "69"]
[EventDate "2010.03.28"]
[SourceDate "2009.10.24"]

1. e4 c6 2. d4 d5 3. f3 e6 4. Nc3 Nd7 5. Be3 Ne7 6. Nge2 Ng6 7. Qd2 Be7 8. g3
Nb6 9. b3 Qc7 10. Nf4 Bd7 11. Nh5 Rg8 12. e5 a6 13. Qf2 Bb4 14. Qd2 Nxe5 15.
Be2 Ng6 16. a3 Be7 17. O-O c5 18. Kh1 Bd6 19. Rfb1 cxd4 20. Bxd4 Be5 21. f4
Bxd4 22. Qxd4 f6 23. Bf3 Rc8 24. Bg4 Qc5 25. Ne2 Qxd4 26. Nxd4 f5 27. Bf3 Kf7
28. Re1 Ne7 29. g4 g6 30. Ng3 Nc6 31. Nge2 Nxd4 32. Nxd4 Kf6 33. Re2 Rge8 34.
Rae1 Rcd8 35. Re5 1/2-1/2

[Event "4NCL/Div3/SSC vs. 3CS"]
[Site "Daventry ENG"]
[Date "2010.03.28"]
[Round "8.6"]
[White "Manton, Jacob"]
[Black "Yates, Christopher"]
[Result "1/2-1/2"]
[WhiteElo "1786"]
[BlackElo "1850"]
[PlyCount "43"]
[EventDate "2010.03.28"]
[SourceDate "2009.10.24"]

1. d4 Nf6 2. c4 e6 3. Nf3 b6 4. g3 Bb7 5. Bg2 d5 6. cxd5 exd5 7. Nc3 Be7 8. O-O
O-O 9. Ne5 Nbd7 10. f4 Re8 11. Bd2 c5 12. e3 Ne4 13. Nxe4 dxe4 14. Bc3 Nf6 15.
g4 Nd5 16. Qe2 f6 17. Nc4 b5 18. Ba5 Qd7 19. Nd2 cxd4 20. exd4 e3 21. Nb3 Bd6
22. Qf3 1/2-1/2

[Event "4NCL/Div3/RHYE vs. WWKS2"]
[Site "Daventry ENG"]
[Date "2010.03.28"]
[Round "8.1"]
[White "Jones, Richard S"]
[Black "Hunt, Malcolm A"]
[Result "1-0"]
[WhiteElo "2332"]
[BlackElo "2088"]
[PlyCount "107"]
[EventDate "2010.03.28"]
[SourceDate "2009.10.24"]

1. e4 e5 2. Nf3 Nc6 3. Bb5 Nf6 4. O-O Nxe4 5. d4 Nd6 6. Bxc6 dxc6 7. dxe5 Nf5
8. Qxd8+ Kxd8 9. Nc3 Ke8 10. h3 b6 11. Bf4 Ba6 12. Rfe1 Bb4 13. Bd2 Rd8 14.
Rad1 Bxc3 15. bxc3 Bc4 16. Bg5 Rxd1 17. Rxd1 Ne7 18. Nd4 h6 19. Bxe7 Kxe7 20.
Nxc6+ Ke6 21. f4 g5 22. Nd4+ Kd5 23. Nb3+ Ke6 24. Nd4+ Kd5 25. Nf3+ Ke6 26.
fxg5 hxg5 27. Nxg5+ Kxe5 28. Rd7 Kf6 29. Ne4+ Ke6 30. Rxc7 Bxa2 31. Rxa7 Bd5
32. Nf2 Rc8 33. Ra3 f5 34. Nd3 Be4 35. Kf2 Rg8 36. g3 Kd5 37. Rb3 Kc6 38. h4
Ra8 39. c4 Ra1 40. Ke3 Rg1 41. Kd4 Kc7 42. Nb4 Kd7 43. Rc3 Kd6 44. Nd5 Rd1+ 45.
Ke3 Bxd5 46. cxd5 Re1+ 47. Kf2 Rc1 48. Ke3 Kxd5 49. Kf4 Rf1+ 50. Kg5 b5 51. h5
Ke4 52. h6 Rh1 53. Rb3 Rg1 54. h7 1-0

[Event "4NCL/Div3/RHYE vs. WWKS2"]
[Site "Daventry ENG"]
[Date "2010.03.28"]
[Round "8.2"]
[White "Fishburne, Stewart K"]
[Black "Kett, Timothy J"]
[Result "0-1"]
[WhiteElo "2106"]
[BlackElo "2240"]
[PlyCount "88"]
[EventDate "2010.03.28"]
[SourceDate "2009.10.24"]

1. e4 e5 2. Nf3 Nc6 3. Bb5 a6 4. Ba4 Nf6 5. d4 exd4 6. O-O Be7 7. Re1 b5 8. e5
Nxe5 9. Rxe5 bxa4 10. Nxd4 O-O 11. Nf5 Re8 12. Qf3 Bf8 13. Qg3 Kh8 14. Bg5 Rxe5
15. Qxe5 d6 16. Bxf6 dxe5 17. Bxd8 Bxf5 18. Bxc7 f6 19. Na3 Rc8 20. Ba5 Bxc2
21. Rc1 Bf5 22. Rxc8 Bxc8 23. Nc2 Kg8 24. a3 Kf7 25. Kf1 Ke6 26. Ke2 Bb7 27. g3
Bc6 28. Ne3 Bc5 29. Bc3 f5 30. Nc2 g5 31. Ne3 h5 32. Nc2 Bb5+ 33. Ke1 f4 34.
gxf4 gxf4 35. Nb4 e4 36. Nc2 Kf5 37. Nd4+ Kg4 38. h3+ Kxh3 39. Ne6 Bd6 40. Ng5+
Kg2 41. Nxe4 Be7 42. Bf6 Bxf6 43. Nxf6 h4 44. Ne4 Kf3 0-1

[Event "4NCL/Div3/RHYE vs. WWKS2"]
[Site "Daventry ENG"]
[Date "2010.03.28"]
[Round "8.3"]
[White "Morris, Gareth L"]
[Black "Fallowfield, Jeremy"]
[Result "0-1"]
[WhiteElo "2147"]
[BlackElo "2048"]
[PlyCount "82"]
[EventDate "2010.03.28"]
[SourceDate "2009.10.24"]

1. Nc3 d5 2. e4 e6 3. g3 Nf6 4. e5 Nfd7 5. f4 c5 6. Nf3 Nc6 7. a3 f6 8. Bh3
fxe5 9. Bxe6 d4 10. Nd5 Nf6 11. Nxf6+ Qxf6 12. Bxc8 Rxc8 13. d3 Bd6 14. fxe5
Nxe5 15. O-O O-O 16. Nd2 Qg6 17. Ne4 Rxf1+ 18. Qxf1 Rf8 19. Bf4 Nf3+ 20. Qxf3
Bxf4 21. Qe2 Be3+ 22. Kg2 c4 23. Rf1 Rxf1 24. Qxf1 Qc6 25. Qf5 cxd3 26. cxd3
Qc2+ 27. Kh3 Qc6 28. a4 g6 29. Qe5 Qc8+ 30. Kg2 Qc2+ 31. Kh3 Qc8+ 32. g4 h5 33.
Nf6+ Kf7 34. Kg3 Qc1 35. g5 Qe1+ 36. Kh3 Qf1+ 37. Kg3 Qf2+ 38. Kh3 Qf3+ 39. Qg3
Qf1+ 40. Qg2 Qf5+ 41. Kh4 Bf2+ 0-1

[Event "4NCL/Div3/RHYE vs. WWKS2"]
[Site "Daventry ENG"]
[Date "2010.03.28"]
[Round "8.4"]
[White "Weaving, Richard"]
[Black "Spice, Alan P"]
[Result "1-0"]
[WhiteElo "2098"]
[BlackElo "2169"]
[PlyCount "75"]
[EventDate "2010.03.28"]
[SourceDate "2009.10.24"]

1. e4 e6 2. d4 d5 3. Nd2 Nc6 4. Ngf3 Nf6 5. e5 Nd7 6. c3 f6 7. exf6 Qxf6 8. Qb3
Bd6 9. Bd3 Ne7 10. O-O e5 11. dxe5 Nxe5 12. Nxe5 Qxe5 13. Nf3 Qh5 14. Bf4 Bxf4
15. Qa4+ Bd7 16. Qxf4 O-O-O 17. Rfe1 Nc6 18. Qg5 Qf7 19. b4 h6 20. Qg3 g5 21.
a4 Rhe8 22. b5 Ne7 23. a5 Nf5 24. Bxf5 Rxe1+ 25. Rxe1 Qxf5 26. Nd4 Qf6 27. Rb1
Re8 28. f3 Qe5 29. Qxe5 Rxe5 30. Kf2 Kd8 31. b6 axb6 32. axb6 c6 33. Ra1 Bc8
34. Nb3 Kd7 35. Ra8 Re7 36. Rb8 Re8 37. Nc5+ Kd6 38. Nxb7+ 1-0

[Event "4NCL/Div3/RHYE vs. WWKS2"]
[Site "Daventry ENG"]
[Date "2010.03.28"]
[Round "8.5"]
[White "Trevelyan, John"]
[Black "Page, Mark E"]
[Result "0-1"]
[WhiteElo "2160"]
[BlackElo "1996"]
[PlyCount "89"]
[EventDate "2010.03.28"]
[SourceDate "2009.10.24"]

1. d4 Nf6 2. c4 g6 3. Nc3 Bg7 4. e4 d6 5. Be2 O-O 6. Nf3 e5 7. dxe5 dxe5 8.
Qxd8 Rxd8 9. Bg5 c6 10. O-O Nbd7 11. Rfd1 Re8 12. Ne1 Nc5 13. f3 Ne6 14. Be3
Nd7 15. Nc2 a5 16. Na4 Bf8 17. a3 Nec5 18. Nxc5 Nxc5 19. b4 Na4 20. Bd2 Be6 21.
Ne3 Red8 22. Be1 Bh6 23. Nc2 Rxd1 24. Rxd1 axb4 25. Bxb4 Nb2 26. Rb1 Nxc4 27.
Bc3 b5 28. Bxc4 Bxc4 29. Bxe5 Bd3 30. Rb2 c5 31. Kf2 Bc1 32. Ra2 b4 33. Ra1
Bxa3 34. Nxa3 bxa3 35. Ke3 c4 36. Bc3 a2 37. Kd4 f5 38. exf5 gxf5 39. g4 fxg4
40. fxg4 Kf7 41. h4 Rd8+ 42. Kc5 Rc8+ 43. Kd4 Bb1 44. h5 Kf6 45. Bd2 0-1

[Event "4NCL/Div3/RHYE vs. WWKS2"]
[Site "Daventry ENG"]
[Date "2010.03.28"]
[Round "8.6"]
[White "Fallowfield, Nicholas K"]
[Black "Brown, Tom"]
[Result "1-0"]
[WhiteElo "2018"]
[BlackElo "2055"]
[PlyCount "43"]
[EventDate "2010.03.28"]
[SourceDate "2009.10.24"]

1. Nf3 Nf6 2. c4 g6 3. b4 a5 4. b5 Bg7 5. Bb2 c5 6. g3 b6 7. Bg2 Bb7 8. O-O O-O
9. d3 Qc7 10. Qc2 e6 11. e3 d5 12. Nc3 Rd8 13. e4 dxc4 14. dxc4 Nxe4 15. Nxe4
Bxb2 16. Qxb2 Bxe4 17. Qf6 Nd7 18. Qh4 Bxf3 19. Bxf3 Rab8 20. Rad1 Qe5 21. Qe7
Qf6 22. Rxd7 1-0

[Event "4NCL/Div3/E2E42 vs. KJCAK"]
[Site "Daventry ENG"]
[Date "2010.03.28"]
[Round "8.1"]
[White "Compton, Alistair"]
[Black "Jones, William EG"]
[Result "1-0"]
[WhiteElo "2061"]
[BlackElo "2097"]
[PlyCount "69"]
[EventDate "2010.03.28"]
[SourceDate "2009.10.24"]

1. e4 c5 2. Nc3 Nc6 3. Bb5 Nd4 4. Bc4 e6 5. Nge2 Ne7 6. O-O Nec6 7. d3 Be7 8.
f4 a6 9. Be3 b5 10. Bb3 O-O 11. f5 Bb7 12. Ng3 Nxb3 13. axb3 Nd4 14. Nh5 Bg5
15. Bxg5 Qxg5 16. f6 g6 17. Ng3 h5 18. Nce2 h4 19. Nxd4 cxd4 20. Ne2 e5 21. c4
h3 22. Ng3 hxg2 23. Kxg2 bxc4 24. bxc4 Bc6 25. h4 Qh6 26. h5 Rab8 27. Rf2 Rb6
28. Qg4 Rfb8 29. Nf5 Qxh5 30. Qxh5 gxh5 31. Rh1 Kh7 32. Ne7 Kh6 33. Rf5 Bxe4+
34. dxe4 Rxb2+ 35. Kg3 1-0

[Event "4NCL/Div3/E2E42 vs. KJCAK"]
[Site "Daventry ENG"]
[Date "2010.03.28"]
[Round "8.3"]
[White "Jones, Christopher M"]
[Black "Bayliss, Lyall CP"]
[Result "1-0"]
[WhiteElo "1964"]
[BlackElo "1960"]
[PlyCount "71"]
[EventDate "2010.03.28"]
[SourceDate "2009.10.24"]

1. e4 e5 2. Nf3 Nc6 3. d4 exd4 4. Nxd4 Nf6 5. Nc3 Bb4 6. Nxc6 bxc6 7. Bd3 d5 8.
exd5 cxd5 9. O-O O-O 10. Bg5 c6 11. Qf3 Be7 12. Rfe1 Be6 13. h3 Rb8 14. Rab1 h6
15. Bf4 Bd6 16. Ne2 Qc7 17. Bxh6 Ne4 18. Bf4 Bxf4 19. Qxf4 Qa5 20. Nd4 Bd7 21.
Nb3 Qxa2 22. Bxe4 dxe4 23. Nc5 Qd5 24. Nxd7 Qxd7 25. Rxe4 Rb5 26. Qe3 Qb7 27.
b3 Qb6 28. Qg3 Qd8 29. Rbe1 Rc5 30. c4 Rg5 31. Qe3 Ra5 32. b4 Ra2 33. Qc5 g6
34. Qxc6 Qd2 35. Qc5 Qd7 36. Re7 1-0

[Event "4NCL/Div3/E2E42 vs. KJCAK"]
[Site "Daventry ENG"]
[Date "2010.03.28"]
[Round "8.4"]
[White "Lunn, Matthew"]
[Black "Ireland, David J"]
[Result "1/2-1/2"]
[WhiteElo "1905"]
[BlackElo "2010"]
[PlyCount "93"]
[EventDate "2010.03.28"]
[SourceDate "2009.10.24"]

1. d4 Nf6 2. c4 c5 3. d5 b5 4. cxb5 a6 5. b6 a5 6. Nc3 Ba6 7. e4 Bxf1 8. Kxf1
d6 9. Nf3 Qxb6 10. Qe2 g6 11. Nd2 Bg7 12. Nc4 Qd8 13. Be3 O-O 14. g3 Nbd7 15.
Kg2 Nb6 16. Na3 Qc8 17. h3 e6 18. Rhd1 exd5 19. Nxd5 Nfxd5 20. exd5 Qb7 21. Qb5
Rab8 22. Rab1 Nxd5 23. Qxb7 Nxe3+ 24. fxe3 Rxb7 25. Rxd6 Rxb2+ 26. Rxb2 Bxb2
27. Nc4 Rb8 28. Rc6 a4 29. Rxc5 Bc1 30. Kf3 Rb1 31. Ra5 Rb4 32. Ra8+ Kg7 33.
Nd6 f5 34. Rc8 Rb1 35. Ra8 a3 36. Nc4 Ra1 37. Nxa3 Rxa2 38. Ra7+ Kf6 39. Nb5
Rxa7 40. Nxa7 g5 41. Nc6 h5 42. Nb4 Ba3 43. Nd3 g4+ 44. hxg4 hxg4+ 45. Ke2 Ke6
46. Nf4+ Ke5 47. Kd3 1/2-1/2

[Event "4NCL/Div3/E2E42 vs. KJCAK"]
[Site "Daventry ENG"]
[Date "2010.03.28"]
[Round "8.5"]
[White "Jaszkiwskyj, Peter"]
[Black "Maguire, Robert"]
[Result "0-1"]
[WhiteElo "1973"]
[BlackElo "1825"]
[PlyCount "70"]
[EventDate "2010.03.28"]
[SourceDate "2009.10.24"]

1. d4 Nf6 2. c4 g6 3. Nc3 Bg7 4. Nf3 d6 5. Bf4 Nh5 6. Be3 O-O 7. g3 e5 8. dxe5
dxe5 9. Qxd8 Rxd8 10. Nd5 Na6 11. O-O-O Be6 12. Ng5 Bxd5 13. cxd5 Nf6 14. Bg2
h6 15. Ne4 Nxd5 16. Rxd5 Rxd5 17. Nf6+ Bxf6 18. Bxd5 c6 19. Bb3 Bg5 20. Bxg5
hxg5 21. Rd1 Nc5 22. Bc2 a5 23. b3 Kg7 24. a3 Rh8 25. b4 axb4 26. axb4 Na6 27.
Rd7 b5 28. Bb3 Rf8 29. Kc2 Nxb4+ 30. Kc3 Na6 31. Ra7 Nc5 32. Rc7 Nxb3 33. Kxb3
Rh8 34. Rxc6 Rxh2 35. Rc5 f6 0-1

[Event "4NCL/Div3/E2E42 vs. KJCAK"]
[Site "Daventry ENG"]
[Date "2010.03.28"]
[Round "8.6"]
[White "Gahir, Jasdeep"]
[Black "Gibson, Christopher A"]
[Result "1/2-1/2"]
[WhiteElo "1765"]
[BlackElo "1973"]
[PlyCount "46"]
[EventDate "2010.03.28"]
[SourceDate "2009.10.24"]

1. e4 c5 2. Nf3 Nc6 3. d4 cxd4 4. Nxd4 Nf6 5. Nc3 e5 6. Ndb5 d6 7. Bg5 a6 8.
Na3 b5 9. Nd5 Be7 10. Bxf6 Bxf6 11. c3 O-O 12. Nc2 Bg5 13. a4 bxa4 14. Rxa4 a5
15. Bc4 Rb8 16. Ra2 Kh8 17. Nce3 Bxe3 18. Nxe3 Ne7 19. b3 f5 20. exf5 Nxf5 21.
Nxf5 Bxf5 22. O-O Be4 23. Bd5 Bxd5 1/2-1/2

[Event "4NCL/Div3/BCA vs. SBS"]
[Site "Daventry ENG"]
[Date "2010.03.28"]
[Round "8.1"]
[White "Crouch, Colin S"]
[Black "Purton, Ben J"]
[Result "1/2-1/2"]
[WhiteElo "2342"]
[BlackElo "2150"]
[PlyCount "54"]
[EventDate "2010.03.28"]
[SourceDate "2009.10.24"]

1. d4 d5 2. Bf4 Nf6 3. e3 Nbd7 4. c4 e6 5. Nc3 dxc4 6. Bxc4 a6 7. Nf3 b5 8. Bb3
c5 9. O-O Bb7 10. Qe2 Be7 11. Rfd1 O-O 12. dxc5 Bxc5 13. Rac1 Qe7 14. Bg5 h6
15. Bh4 Rac8 16. e4 b4 17. Na4 e5 18. Rxd7 Bxf2+ 19. Kxf2 Qxd7 20. Rd1 Qc6 21.
Nxe5 Nxe4+ 22. Kg1 Qc7 23. Qh5 Bc6 24. Rf1 Bxa4 25. Bxa4 Qc5+ 26. Kh1 g6 27.
Qxh6 Qxe5 1/2-1/2

[Event "4NCL/Div3/BCA vs. SBS"]
[Site "Daventry ENG"]
[Date "2010.03.28"]
[Round "8.2"]
[White "Foster, James J"]
[Black "Ross, Chris N"]
[Result "0-1"]
[WhiteElo "2089"]
[BlackElo "2205"]
[PlyCount "44"]
[EventDate "2010.03.28"]
[SourceDate "2009.10.24"]

1. c4 e6 2. Nc3 d5 3. e4 dxe4 4. Nxe4 c5 5. Nf3 Nc6 6. d3 Nf6 7. Be3 Nxe4 8.
dxe4 Qxd1+ 9. Rxd1 b6 10. Be2 Bb7 11. a3 Be7 12. O-O Bf6 13. Rd2 Rd8 14. Rfd1
Ke7 15. Bf4 Bd4 16. Nxd4 Nxd4 17. Bf3 f6 18. Be3 Nb3 19. Rd3 Na5 20. Rxd8 Rxd8
21. Rc1 Nb3 22. Re1 Nd2 0-1

[Event "4NCL/Div3/BCA vs. SBS"]
[Site "Daventry ENG"]
[Date "2010.03.28"]
[Round "8.3"]
[White "Lilley, Graham"]
[Black "Linford, Charles M"]
[Result "1/2-1/2"]
[WhiteElo "2087"]
[BlackElo "2131"]
[PlyCount "87"]
[EventDate "2010.03.28"]
[SourceDate "2009.10.24"]

1. d4 Nf6 2. c4 e6 3. Nf3 b6 4. a3 Bb7 5. Nc3 Bxf3 6. gxf3 d5 7. Bg2 dxc4 8.
Qa4+ Qd7 9. Qxc4 Nc6 10. e3 Na5 11. Qa2 c5 12. dxc5 bxc5 13. f4 Rb8 14. O-O Nb3
15. Rd1 Qc7 16. Rb1 Be7 17. Bd2 Rg8 18. Ne4 Nd5 19. Be1 a5 20. Nd2 a4 21. Nxb3
axb3 22. Qa1 g5 23. f5 Qe5 24. fxe6 fxe6 25. Rbc1 Bd6 26. Qb1 Qxh2+ 27. Kf1 g4
28. Qe4 Kd7 29. Qa4+ Ke7 30. Qa7+ Kf6 31. Bc3+ Nxc3 32. Rxc3 Rgd8 33. Rcd3 Be7
34. Rxd8 Rxd8 35. Rxd8 Bxd8 36. Qxc5 Qc7 37. Qd4+ Kf7 38. Be4 Qc1+ 39. Kg2 Bf6
40. Qa7+ Be7 41. Qd4 h5 42. Qh8 h4 43. Qh5+ Kf8 44. Qh8+ 1/2-1/2

[Event "4NCL/Div3/BCA vs. SBS"]
[Site "Daventry ENG"]
[Date "2010.03.28"]
[Round "8.4"]
[White "Harley-Yeo, Gareth"]
[Black "Cole, Tristram C"]
[Result "1/2-1/2"]
[WhiteElo "2053"]
[BlackElo "1978"]
[PlyCount "62"]
[EventDate "2010.03.28"]
[SourceDate "2009.10.24"]

1. d4 e6 2. c4 d5 3. Nc3 Nf6 4. cxd5 exd5 5. Bg5 c6 6. Qc2 Be7 7. e3 O-O 8. Bd3
Nbd7 9. Nge2 Re8 10. O-O Nf8 11. Rae1 h6 12. Bh4 Ne4 13. Bxe7 Qxe7 14. f3 Nxc3
15. Nxc3 Qd6 16. e4 dxe4 17. Bxe4 Qxd4+ 18. Kh1 Be6 19. Rd1 Qb6 20. b3 Rad8 21.
Na4 Qc7 22. Qc5 Rxd1 23. Rxd1 Rd8 24. Re1 Rd2 25. Nc3 a6 26. Bb1 Qd7 27. Qe3
Qd4 28. Qxd4 Rxd4 29. Ne2 Rd2 30. Kg1 g5 31. Kf2 Kg7 1/2-1/2

[Event "4NCL/Div3/BCA vs. SBS"]
[Site "Daventry ENG"]
[Date "2010.03.28"]
[Round "8.5"]
[White "Armstrong, William G"]
[Black "Coddington, Oliver ED"]
[Result "0-1"]
[WhiteElo "1966"]
[BlackElo "1968"]
[PlyCount "108"]
[EventDate "2010.03.28"]
[SourceDate "2009.10.24"]

1. e4 g5 2. d4 h6 3. Bc4 Bg7 4. c3 d6 5. Nd2 c5 6. Qb3 e6 7. dxc5 dxc5 8. Ne2
Nc6 9. O-O Nge7 10. Nf3 O-O 11. Rd1 Qc7 12. a4 Ng6 13. Qc2 Bd7 14. h3 Rad8 15.
Be3 Nce5 16. Nxe5 Nxe5 17. Bb5 Bxb5 18. axb5 Nc4 19. Bd2 Qb6 20. b3 Nxd2 21.
Rxd2 Rxd2 22. Qxd2 Qxb5 23. Qc2 a6 24. c4 Qb6 25. Rd1 Rd8 26. Rxd8+ Qxd8 27.
Kf1 Qa5 28. Qd1 Qa1 29. Qxa1 Bxa1 30. Nc1 Kg7 31. g4 Kf6 32. Nd3 Bd4 33. f3 b5
34. cxb5 axb5 35. Ke2 Ke7 36. f4 c4 37. bxc4 bxc4 38. Nb4 Bc3 39. Na2 Ba5 40.
fxg5 hxg5 41. Ke3 Bb6+ 42. Ke2 Kd6 43. Nb4 Ke5 44. Kf3 Kd4 45. Nc6+ Kc3 46. Ne5
f6 47. Nd7 Bd4 48. e5 fxe5 49. h4 e4+ 50. Kxe4 gxh4 51. g5 h3 52. Kf3 Kd3 53.
g6 c3 54. Nc5+ Kc4 0-1